000 004360000a22001690004500
003 MACL
005 20160107170346.0
008 160107b xxu||||| |||| 00| 0 eng d
040 _aMACL
_cMACL
041 _aEnglish
082 _a827/SCO
100 _aSwift, Jonathan
_919100
245 _aThe prose Work of Jonathan Swift,D.D.
260 _aLondon
_bG. Bell and Sons Ltd
_c1911
650 _aNovel
_9153
942 _cBK
_k827.52/SCO
_2ddc
999 _c37789
_d37789